| 000 -LEADER |
| fixed length control field |
00595nam a22001935i 4500 |
| 001 - CONTROL NUMBER |
| control field |
20541577 |
| 005 - DATE AND TIME OF LATEST TRANSACTION |
| control field |
20221107153827.0 |
| 008 - FIXED-LENGTH DATA ELEMENTS--GENERAL INFORMATION |
| fixed length control field |
180614s2019 nyu 000 0 eng |
| 020 ## - INTERNATIONAL STANDARD BOOK NUMBER |
| International Standard Book Number |
9783319939759x |
| 041 ## - LANGUAGE CODE |
| Language code of text/sound track or separate title |
eng |
| 080 ## - UNIVERSAL DECIMAL CLASSIFICATION NUMBER |
| Universal Decimal Classification number |
327+323 M-83 |
| 100 ## - MAIN ENTRY--PERSONAL NAME |
| Personal name |
McCormack, Daniel |
| 9 (RLIN) |
9066 |
| 245 00 - TITLE STATEMENT |
| Title |
Great powers and international hierarchy / |
| Statement of responsibility, etc. |
McCormack, Daniel. |
| 264 #1 - PRODUCTION, PUBLICATION, DISTRIBUTION, MANUFACTURE, AND COPYRIGHT NOTICE |
| Place of production, publication, distribution, manufacture |
New York, NY : |
| Name of producer, publisher, distributor, manufacturer |
Palgrave macmillan, |
| Date of production, publication, distribution, manufacture, or copyright notice |
2019. |
| 300 ## - PHYSICAL DESCRIPTION |
| Extent |
246 pages ; |
| Other physical details |
21 cm. |
| 653 ## - INDEX TERM--UNCONTROLLED |
| keyword |
პოლიტიკა |
| 653 ## - INDEX TERM--UNCONTROLLED |
| keyword |
საერთაშორისო იერარქია |
| 942 ## - ADDED ENTRY ELEMENTS (KOHA) |
| Source of classification or shelving scheme |
|
| Koha item type |
წიგნი |